| 000 | 00541nam a22001697a 4500 | ||
|---|---|---|---|
| 003 | NUST | ||
| 038 | _aNusrat Nadeem | ||
| 082 | _a200 | ||
| 100 |
_aIsmail, Bilal Ahmed _9125109 |
||
| 245 |
_aDesign and Implementation of an Autonomous Device Analyser/ _cBilal Ahmed Ismail, |
||
| 264 |
_aIslamabad; _bSEECS NUST; _c2024. |
||
| 300 |
_a63,p; _bill; _c30,cm. |
||
| 650 |
_aMS- Information Security _927215 |
||
| 700 |
_aSupervisor: Dr. Hasan Tahir _996713 |
||
| 856 | _uhttp://10.250.8.41:8080/xmlui/handle/123456789/45355 | ||
| 942 |
_2ddc _cSC |
||
| 999 |
_c610871 _d610871 |
||